• 首页
  • 本馆介绍
  • 公告通知
  • 最新文献
  • 馆藏检索
  • 电子资源
  • 读者导购
  • 参考咨询
  • 我的图书馆
  • 登录
  • 详细信息显示
  • 放入我的书架
  • 预约/预借图书
  • 作者相关作品
  • 分类相关作品
  • 丛书相关作品
  • 出版社相关作品

书目信息

  • 表格格式
  • 工作单格式
  • 卡片格式
题名:
城市住区规划设计概论
    
 
作者: 惠劼 , 张倩 , 王芳 编著
分册:  
出版信息: 北京   化学工业出版社  2017.3
页数: 182页
开本: 26cm
丛书名:
单 册:
中图分类: TU984.12
科图分类:
主题词: 居住区--城市规划--设计--高等学校--教材 , 居住区 , 城市规划
电子资源:
ISBN: 7-5025-7687-8
000 00972nam0 2200301 450
001 0400003643
005 20171022110636.0
010    @a7-5025-7687-8@dCNY32.00
100    @a20050119d2017 em y0chiy50 ea
101 0  @achi
102    @aCN@b110000
105    @aa z 000yy
106    @ar
200 1  @a城市住区规划设计概论@9cheng shi zhu qu gui hua she ji gai lun@f惠劼,张倩,王芳编著
210    @a北京@c化学工业出版社@d2017.3
215    @a182页@c图@d26cm
300    @a高等学校教材
320    @a有书目(第182页)
330    @a本书分析了居民在城市住区中的生活需求、邻里交往、日常生活行为与物质环境的关系,全面阐述了城市住区规划设计的基本原理和一般方法。
606 0  @a居住区@x城市规划@x设计@x高等学校@j教材
606 0  @a居住区
606 0  @a城市规划
690    @aTU984.12@v4
701  0 @a惠劼@9hui jie@4编著
701  0 @a张倩@9zhang qian@4编著
701  0 @a王芳@9wang fang@4编著
801  0 @aCN@b91MARC@c20171022
905    @b1033911-5@dTU984.12@f5@e1188
    
    城市住区规划设计概论/惠劼,张倩,王芳编著.-北京:化学工业出版社,2017.3
    182页:图;26cm
    高等学校教材
    
    ISBN 7-5025-7687-8:CNY32.00
    本书分析了居民在城市住区中的生活需求、邻里交往、日常生活行为与物质环境的关系,全面阐述了城市住区规划设计的基本原理和一般方法。
●
相关链接 在E读中查询图书 在五车中查询图书 在当当中查询图书 在豆瓣中查询图书


正题名:城市住区规划设计概论     索取号:TU984.12/1188         预约/预借

序号 登录号 条形码 馆藏地/架位号 状态 备注
1 1033911   210339114   第二样本阅览室/ [索取号:TU984.12/1188] 在馆    
2 1033912   210339123   密集书库-生命科学系/ [索取号:TU984.12/1188] 在馆    
3 1033913   210339132   第三借阅区/ [索取号:TU984.12/1188] 在馆    
4 1033914   210339141   第三借阅区/ [索取号:TU984.12/1188] 在馆    
5 1033915   210339150   第三借阅区/ [索取号:TU984.12/1188] 在馆    
唐山师范学院图书馆 欢迎您!
大连网信软件有限公司© 版权所有